Goście w "Mniej Więcej" - Statystyki

Ogólne statystyki
  • Ten quiz został rozwiązany 3 226 razy
    2 022 od ostatniego zresetowania
  • Średni wynik to 10 z 24
Statystyki odpowiedzi
Numer Imię i nazwisko/Pseudonim % Poprawnych
3 Tomasz 'Gimper' Działowy
93%
10 Tomasz 'Gimper' Działowy
93%
22 Tomasz 'Gimper' Działowy
93%
9 Lord Kruszwil
70%
11 Friz
69%
18 Abstrachuje/Robert Pasut
57%
14 Stuu
52%
5 Poszukiwacz
49%
7 THEUNBOXALL
49%
6 Blowek
46%
19 Naruciak
43%
2 Dezy
37%
15 Weronika Truszczyńska
31%
16 Weronika Truszczyńska
31%
4 Matura To Bzdura
29%
24 Matura To Bzdura
29%
20 Bladii
26%
13 Dla Pieniędzy
25%
23 Cyber Marian
22%
21 Maksymalnie
18%
12 Hajlajt
11%
17 Olek i Olek
10%
1 Bartek bez przepisu
6%
8 Marco Kubiś
4%
Nie znaleziono quizów pasujących do podanych kryteriów
Rozkład punktacji
Procent ludzi z każdym wynikiem
Percentyl według liczby udzielonych odpowiedzi
Twoja historia wyników
Nie rozwiązałeś tego quizu od ostatniego zresetowania